Reardes' guide to periodical literature An author and subject index March 1966 - February 1967. No.26

Đã lưu trong:
書目詳細資料
格式: 圖書
語言:Undetermined
出版: New York W. H. Wilson 1967
主題:
標簽: 添加標簽
沒有標簽, 成為第一個標記此記錄!
Thư viện lưu trữ: Trung tâm Học liệu Trường Đại học Cần Thơ
LEADER 00508nam a2200169Ia 4500
001 CTU_26687
008 210402s9999 xx 000 0 und d
082 |a 801.6 
082 |b L732/No.26 
245 0 |a Reardes' guide to periodical literature 
245 3 |b An author and subject index March 1966 - February 1967. No.26 
260 |a New York 
260 |b W. H. Wilson 
260 |c 1967 
650 |a literature - indexes 
904 |i Minh, 981017 
980 |a Trung tâm Học liệu Trường Đại học Cần Thơ